00404nam a2200169Ia 450000500170000000800410001704000190005804100120007708200190008910000170010824500250012526000270015030000140017765000090019165100230020085000110022320260622125720.0131103s9999 xx 000 0 und d aLoreto College aEnglish a264.025 bPUT aPutz, Joseph aMy MasscJoseph Putz aRanchibCatholicc1938 aiii,77p.  aMass aChristian religion aLCLIB